<?xml version="1.0" encoding="UTF-8"?>
<record
    xmlns:xsi="http://www.w3.org/2001/XMLSchema-instance"
    xsi:schemaLocation="http://www.loc.gov/MARC21/slim http://www.loc.gov/standards/marcxml/schema/MARC21slim.xsd"
    xmlns="http://www.loc.gov/MARC21/slim">

  <leader>01614nam a2200277 a 4500</leader>
  <controlfield tag="001">000043765</controlfield>
  <controlfield tag="005">20201002044946.0</controlfield>
  <controlfield tag="008">140423s2013    dr ac   r     001 0 spa d</controlfield>
  <datafield tag="020" ind1=" " ind2=" ">
    <subfield code="a">9781477415474</subfield>
  </datafield>
  <datafield tag="040" ind1=" " ind2=" ">
    <subfield code="a">DO-SdBNP</subfield>
    <subfield code="b">spa</subfield>
    <subfield code="c">BNPHU</subfield>
  </datafield>
  <datafield tag="082" ind1=" " ind2=" ">
    <subfield code="a">341.42729307294</subfield>
    <subfield code="b">F316p</subfield>
  </datafield>
  <datafield tag="100" ind1="1" ind2=" ">
    <subfield code="a">F&#xE9;liz-S&#xE1;nchez, Danilo A.</subfield>
    <subfield code="9">36228</subfield>
  </datafield>
  <datafield tag="245" ind1="1" ind2="3">
    <subfield code="a">El protocolo de la miel y la frontera dominico-haitiana :</subfield>
    <subfield code="b">notas para la historia de la frontera /</subfield>
    <subfield code="c">Danilo A. F&#xE9;liz S&#xE1;nchez, Arturo F&#xE9;lix Camilo.</subfield>
  </datafield>
  <datafield tag="260" ind1=" " ind2=" ">
    <subfield code="a">[Santo Domingo :</subfield>
    <subfield code="b">s.n],</subfield>
    <subfield code="c">2013.</subfield>
  </datafield>
  <datafield tag="300" ind1=" " ind2=" ">
    <subfield code="a">378 p. :</subfield>
    <subfield code="b">il., retrs. ;</subfield>
    <subfield code="c">24 cm.</subfield>
  </datafield>
  <datafield tag="505" ind1="0" ind2=" ">
    <subfield code="t">La isla en tiempos de Ovando --</subfield>
    <subfield code="t">Or&#xED;genes de la Rep&#xFA;blica de Hait&#xED; --</subfield>
    <subfield code="t">Notas al origen de las Naciones de la Hispaniola --</subfield>
    <subfield code="t">Distorsiones respecto a la historia dominico-haitiana --</subfield>
    <subfield code="t">El protocolo de la Miel. Antecedentes --</subfield>
    <subfield code="t">El trazado fronterizo de San Miguel de la Atalaya --</subfield>
    <subfield code="t">El protocolo de la Miel. Origen y naturaleza --</subfield>
    <subfield code="t">El protocolo de la Miel. Controversias, conflictos y consideraciones jur&#xED;dicas --</subfield>
    <subfield code="t">El territorio. Teor&#xED;as jur&#xED;dicas sobre la posesi&#xF3;n leg&#xED;tima del territorio de la Hispaniola --</subfield>
    <subfield code="t">La convivencia final y el futuro en el siglo XXI.</subfield>
  </datafield>
  <datafield tag="590" ind1=" " ind2=" ">
    <subfield code="a">Inventariado, 2018/BT</subfield>
  </datafield>
  <datafield tag="651" ind1=" " ind2="4">
    <subfield code="a">Rep&#xFA;blica Dominicana</subfield>
    <subfield code="v">L&#xCD;MITES</subfield>
    <subfield code="x">Historia</subfield>
    <subfield code="9">9547</subfield>
  </datafield>
  <datafield tag="651" ind1=" " ind2="4">
    <subfield code="a">Hait&#xED;</subfield>
    <subfield code="v">L&#xCD;MITES</subfield>
    <subfield code="x">Historia</subfield>
    <subfield code="9">9548</subfield>
  </datafield>
  <datafield tag="651" ind1=" " ind2="4">
    <subfield code="a">Rep&#xFA;blica Dominicana</subfield>
    <subfield code="x">Incidentes Fronterizos</subfield>
    <subfield code="9">8407</subfield>
  </datafield>
  <datafield tag="650" ind1=" " ind2="4">
    <subfield code="a">Hait&#xED;</subfield>
    <subfield code="x">Incidentes fronterizos</subfield>
    <subfield code="9">9549</subfield>
  </datafield>
  <datafield tag="651" ind1=" " ind2="4">
    <subfield code="a">Rep&#xFA;blica Dominicana</subfield>
    <subfield code="x">Historia</subfield>
    <subfield code="9">170</subfield>
  </datafield>
  <datafield tag="651" ind1=" " ind2="4">
    <subfield code="a">Hait&#xED;</subfield>
    <subfield code="x">Historia</subfield>
    <subfield code="9">8418</subfield>
  </datafield>
  <datafield tag="700" ind1="1" ind2="2">
    <subfield code="a">F&#xE9;liz-Camilo, Arturo</subfield>
    <subfield code="9">71600</subfield>
  </datafield>
  <datafield tag="910" ind1=" " ind2=" ">
    <subfield code="a">Validado. Control de calidad. EMS</subfield>
  </datafield>
  <datafield tag="952" ind1=" " ind2=" ">
    <subfield code="0">0</subfield>
    <subfield code="1">0</subfield>
    <subfield code="7">1</subfield>
    <subfield code="8">PD</subfield>
    <subfield code="a">PD</subfield>
    <subfield code="b">PD</subfield>
    <subfield code="c">HD</subfield>
    <subfield code="d">2014-04-23</subfield>
    <subfield code="i">LF1</subfield>
    <subfield code="l">0</subfield>
    <subfield code="o">341.42729307294 F316p</subfield>
    <subfield code="p">43765-10</subfield>
    <subfield code="r">2020-06-25</subfield>
    <subfield code="w">2020-06-25</subfield>
    <subfield code="y">LFPD</subfield>
    <subfield code="Z">No se presta</subfield>
  </datafield>
  <datafield tag="999" ind1=" " ind2=" ">
    <subfield code="c">43254</subfield>
    <subfield code="d">43254</subfield>
  </datafield>
</record>
